|
|
|
|
| LEADER |
00000nab a2200000 a 4500 |
| 001 |
vtls008991433 |
| 003 |
SK-MaSNL |
| 005 |
20260303064644.0 |
| 008 |
131021c2007 xo mr|p|||||||000 b|slo |
| 015 |
|
|
|a SNBRB2007/05
|2 snkbucl
|
| 038 |
|
|
|a SNKBUCL
|
| 040 |
|
|
|a SNKBUCL
|b slo
|c SNKBUCL
|e AACR2
|
| 041 |
0 |
|
|a slo
|
| 044 |
|
|
|a xo
|c SK
|
| 080 |
|
|
|a 791.43
|x (437.1/.2)
|2 1997
|
| 100 |
1 |
|
|a Svobodová, Miroslava,
|d 1972-
|4 aut
|9 103306
|
| 245 |
1 |
0 |
|a Jak se krotí krokodýli
|c Miroslava Svobodová
|
| 500 |
|
|
|a Réžia Marie Poledňáková
|
| 500 |
|
|
|a V rubrike Kvodlibet Miroslavy Svobodovej
|
| 630 |
0 |
7 |
|a Jak se krotí krokodýli (film)
|2 snkbucl
|9 1063602
|
| 655 |
|
7 |
|a recenzie
|2 snkbucl
|9 21907
|
| 773 |
0 |
|
|t Slovenské pohľady
|g Roč. IV.+123., č. 5 (2007), s. 142-146
|x 1335-7786
|
| 852 |
|
|
|a SNK
|b KIS3GCP
|
| 958 |
|
|
|a CZ
|
| 958 |
|
|
|a RC
|
| 999 |
|
|
|c 1748067
|d 1749997
|